[Event "Villa Ballester op 73rd"]
[Site "Buenos Aires"]
[Date "2024.01.19"]
[Round "1"]
[White "Alvarez, Leonardo Fabian"]
[Black "Ballesteros, Hector"]
[Result "1-0"]
[WhiteElo "1880"]
[BlackElo "1083"]
[PlyCount "60"]
[EventDate "2024.01.19"]
[EventType "swiss"]
[EventRounds "9"]
[EventCountry "ARG"]
[SourceTitle "CBM 218 Extra"]
[Source "ChessBase"]
[SourceDate "2024.03.31"]
[SourceVersion "1"]
[SourceVersionDate "2024.03.31"]
[SourceQuality "1"]

1. c4 Nf6 2. g3 e6 3. Bg2 Nc6 4. d3 Bc5 5. Nf3 b6 6. a3 Bb7 7. b4 Be7 8. 0-0 Ne5 9. Nxe5 Bxg2 10. Kxg2 0-0 11. Bb2 c5 12. Qb3 Qc7 13. Nf3 Rac8 14. Nbd2 h6 15. Rac1 Rfe8 16. Rfd1 Rb8 17. d4 d5 18. cxd5 exd5 19. dxc5 bxc5 20. Be5 Bd6 21. Bxd6 Qxd6 22. Rxc5 Rxe2 23. Qd3 Rbe8 24. Nd4 R2e7 25. Nf5 Qd7 26. Nxe7+ Rxe7 27. Nf3 Qd8 28. Rdc1 Qb6 29. Rc8+ Re8 30. Rxe8+ Nxe8 1-0